00703 2200193 4500001002100000005001500021035002000036245004900056100001700105250001700122300002800139260003100167082000800198084001400206020002200220650002100242600001500263520023100278INLIS00000000000003120240319082919 a0010-03240000311 aSeri Anggota Tubuh :bTangan /cLina Herlina0 aLina Herlina acetakan ke-1 a24 hlm :bilus ;c19 cm aSolo :bTiga Ananda,c2018 a813 a813 LIN s a978-602-366-442-9 4aCerita Bergambar 4aSains Anak aAku adalah tangan. Aku bisa membantumu makan. Aku juga bisa membantumu menulis. Namun, aku tak suka digunakan memukul teman. Aku juga harus dirawat dan dibersihkan. Cari tahu kegunaanku dan cara membersihkannya dalam buku ini.